=LDR 00000nam 2200000 4500 =001 INLIS000000000011534 =005 20130612103104 =008 ***********************************Ind** =035 ##$$0010-061300000011534 =041 ##$$a Ind =082 ##$$a 771.1 =090 ##$$a 771.1, Sri, p =100 ##$$a Sri yanto =245 ##$$a Propesional photografi, teknik studio , oleh Sri Yanto =260 ##$$b cet. 2 =300 ##$$a Solo, Aneka, 1997 =650 ##$$a Photografi =850 ##$$a NBPNMAT